Quizzes
Events
Quiz Creation
Community
Videos
Private Events
Remove Ads
Sign In
Join for FREE
Feedback
Dark Mode
Quiz Categories
Sports
Geography
Music
Movies
Television
Just For Fun
Miscellaneous
History
Literature
Language
Science
Gaming
Entertainment
Religion
Holiday
For Kids
Quiz Lab
Recent
Popular Today
Quiz Kudos Today
Editor Picks
Curator Picks
Quizzes by...
Day
Popularity
Type
Ratings
Length
Year
Community
Subscriptions
Recent Discussions
Orange Saloon
Badges
Playlists
Quests
Create
Leaderboards
Showdown
Live 5
Trivia Bingo
Activity
Puzzle Library
Sporcle Events
Private Events
Virtual Trivia
Globe League
Become a Host
Pub Owners
SporcleCon
Opinionation
Our Games
Videos
Blog
Mobile Apps
Partnerships
Remove Ads and Go Orange
Feedback
Literature
Harry Potter
A Song of Ice and Fire
The Hunger Games
Literary Character
Shakespeare
Book
Author
Novel
Poem
Young Adult
Children's Books
Play
Lord of the Rings
Literature
Harry Potter
A Song of Ice and Fire
The Hunger Games
Literary Character
Shakespeare
Book
Author
Novel
Poem
Young Adult
Children's Books
Play
Lord of the Rings
Random Quiz
Search Sporcle
×
Quiz Lab
Quiz Lab
Literature
Poem
Select answers by clicking on text or image buttons
Select answers by clicking on text or image buttons
Clickable
Best Score? Go Orange.
Poetic Meter Matching (Clickable) Stats
Can you pick the poetic meters used in these lines of verse?
By
chair
5m
10 Questions
4,575 Plays
4,575 Plays
4,575 Plays
Comments
Comments
Give Quiz Kudos
Give Quiz Kudos
-
- Ratings
hide this ad
Forced Order
Answers have to be entered in order
Answers have to be entered in order
Replay
Link that replays current quiz
Next Quiz
Link to next quiz in quiz playlist
You Got
0%
They Got
Avg Score
39%
Avg Friend Score
Upgrade to see
Score Distribution
Jump to the score distribution portion of the page
Score
0/10
Timer
05:00
0
Plays Today
% Correct
Iambic Pentameter
60.7%
Iambic Tetrameter
53.5%
Iambic Trimeter
52.9%
Dactylic Dimeter
45.7%
Trochaic Octameter
42.7%
Anapestic Tetrameter
40.4%
Trochaic Tetrameter
37.7%
Common Meter
24.9%
Elegiac Couplet
20.7%
Dactylic Hexameter
19.6%
Quiz Playlist
Details
Report
Send in Message
Add To Playlist
Clickable:
Select answers by clicking on text or image buttons
Forced Order:
Answers have to be entered in order
Last Updated: Feb 16, 2017
Quiz Scoreboard
CHALLENGE
Sign Up to Join the Scoreboard
Show All
Scores
Hide
Comments
May contain spoilers
Recently Published
Alphabetical 'K' Countries by Flag Minefield
by ylime102
Geography
3m
Pick 6: Fruits
by JohnFran
Miscellaneous
15s
Click the 1999 NBA Draft
by nibperrychub
Sports
2m
More to Explore
Quiz From the Vault
Featured Blog Post
15 Basketball Trivia Facts You Can Be March Mad About
hide this ad
You Might Also Like...
Tags
Clickable Quiz
Poem Quiz
Matching
Meter
Rhythm
Today's Top Quizzes in Literature
Browse Literature
hide this ad
Today's Top Quizzes in Poem
Browse Poem
Top Contributed Quizzes in Literature
1
Season Plays
2
Harry Potter Characters: Logic Puzzle
3
Pick 3: Harry Potter Hogwarts Quidditch Players
4
Harry Potter Logic Quiz New
5
4-to-1 Blitz: Harry Potter
6
A Court of Thorns and Roses (ACoTaR) Criteria Quiz
7
Word Ladder: King's 'The Stand'
8
percy jackson logic puzzle
9
Literature Acrostic Puzzle
10
Dumbledore's Army Logic Puzzle
Explore More
Trending Topics
NBA
Disney
Harry Potter
Crossword
Kpop
Marvel
Anime
Song
WWE
Soccer
Pokémon
Country
NFL
The Office
Puzzle
hide this ad
More By:
chair
Quiz
Plays
Rating
Category
Featured
Created
A Sporcle Logic Puzzle
411,999
3.75
Just For Fun
Dec 18, 2012
Smallest US States Minefield
218,987
4.22
Geography
Jul 12, 2011
A Literary Logic Puzzle
195,817
4.11
Literature
Mar 13, 2013
30 Maps That Help Make Sense of the World
194,429
4.56
Geography
Dec 30, 2013
NFL States Minefield
190,145
4.36
Sports
Jul 19, 2011
Go to Creator's Profile
Score Distribution
Quiz Creator Spotlight
chair
Follow
Send a Message
Quizzes Created
-
Created Quiz Play Count
-
More By This Creator
Popular Quizzes Today
1
Countries of Asia Without Outlines Minefield
2
Find the US States - No Outlines Minefield
3
Pick 6: Fruits
4
Alphabetical 'K' Countries by Flag Minefield
5
The Countries of the World
6
Find the US States
7
US States
8
Match the Book to the Film X
More Literature Quizzes
Bridgerton Grandchildren
Quiz Lab
Trending Quizzes
Pick 6: Mountains
Pick 6: Harry Potter
Pick 6: NFL Teams
Pick 6: Movie Franchises
Pick 6: Golfers
Recently Updated
NWSL Teams
pecheneg
Women's Final Four Teams by Year
bhenderson79
Presidents Quartet II
eogle
Anything But Clue(do)
eogle
Anything But Oceanian Capitals
eogle
Anything But 7
eogle
Anything But Thing
eogle
Word Ladder: February 29
pecheneg
Song Title Questions
pecheneg
Women's NCAA Tournament #1 Seeds
pecheneg
Trending Topics
Anime
NBA
Kpop
Crossword
Harry Potter
Disney
Marvel
Pokémon
The Office
Song
Soccer
WWE
Puzzle
NFL
Country
Your Account Isn't Verified!
In order to create a playlist on Sporcle, you need to verify the email address you used during registration. Go to your
Sporcle Settings
to finish the process.
Report this User
Report this user for behavior that violates our
Community Guidelines
.
Details:
Send Report
Go to the Sporcle.com Mobile Site →
Comments